Groupes politiques au Sénat français - Statistiques

Statistiques générales
  • Ce quiz a été pris 27 fois
  • Le résultat moyen est 3 sur 8
Statistiques - réponses
Députés Groupe % Correct
130 Les Républicains
96%
65 Socialite, Écologiste et Républicain
78%
18 Communiste Républicain Citoyen et Écologiste - Kanaky
30%
59 Union centriste
30%
19 Rassemblement des démocrates, progressistes et Indépendants
26%
16 Écologiste - Solidarité et Territoires
9%
20 Les Indépendants - République et territoires
9%
17 Rassemblement démocratique et social européen
0%
Aucun quiz correspondant
Distribution des résultats
% des personnes avec chaque résultat
Percentile par nombre de réponses
Votre historique - résultats
Vous n’avez pas pris ce quiz